ბათუმის შოთა რუსთაველის სახელმწიფო უნივერსიტეტის ბიბლიოთეკა

თხზულების სწავლების მეთოდიკა : (ბიბ.ჩანაწერი № 52982)

000 -ლიდერი
ფიქსირებული სიგრძის საკონტროლო ველი 01376nam a2200253Ia 4500
001 - საკონტროლო ნომერი
საკონტროლო ველი 20013
003 - საკონტროლო ნომრის იდენტიფიკატორი
საკონტროლო ველი GE_BSU
005 - ბოლო ოპერაციის თარიღი და დრო
საკონტროლო ველი 20200529222945.0
008 - ფიქსირებული სიგრძის მონაცემთა ელემენტები - ზოგადი ინფორმაცია
ფიქსირებული სიგრძის საკონტროლო ველი 181216s2005||||ge |||||||||||||| ||geo||
020 ## - წიგნის საერთაშორისო სტანდარტული ნომერი
International Standard Book Number 99940-25-97-X
040 ## - კატალოგიზაციის წყარო
Transcribing agency GE_BSU
041 ## - ენის კოდი
Language code of text/sound track or separate title geo
080 ## - უნივერსალური ათობითი კლასიფიკაციის ინდექსი
Universal Decimal Classification number 821.353.1(072)+372.882.135
100 ## - მთავარი ჩანაწერი - პიროვნების სახელი
Personal name ზოიძე, აკაკი.
9 (RLIN) 2060
245 ## - ცნობა სათაურის შესახებ
Title თხზულების სწავლების მეთოდიკა :
Remainder of title (I-VI კლასები) /
Statement of responsibility, etc აკაკი ზოიძე.
264 ## - წარმოების, გამოცემის, დისტრიბუციის და სხვა ცნობები
გამოცემის, წარმოების, დისტრიბუციის... ადგილი ბათუმი :
გამოცემის, წარმოების, დისტრიბუციის... სახელწოდება ბათუმის შოთა რუსთაველის სახელმწიფო უნივერსტიტეტის გამომცემლობა,
გამოცემის, წარმოების, დისტრიბუციის... თარიღი 2005.
300 ## - ფიზიკური აღწერა
Extent 319 გვ. ;
Dimensions 21 სმ.
500 ## - ზოგადი შენიშვნა
General note ნაშრომში განხილულია მხატვრულ-შემოქმედებითი აქტივობის განვითარების საკითხები თხზულებაზე მუშაობის პროცესში
653 ## - INDEX TERM--UNCONTROLLED
Uncontrolled term დაწყებით კლასებში
653 ## - INDEX TERM--UNCONTROLLED
Uncontrolled term თხზულების სწავლების მეთოდიკა
653 ## - INDEX TERM--UNCONTROLLED
Uncontrolled term ქართული ლიტერატურა
942 ## - ADDED ENTRY ELEMENTS (KOHA)
Koha item type წიგნი
Source of classification or shelving scheme
ეგზემპლარები
ჩამოწერის სტატუსი დაკარგული ეგზემპლარის სტატუსი კლასიფიკაციის წყარო ან თაროზე გაწყობის სქემა დაზიანების სტატუსი არ გაიცემა მუდმივი მდებარეობა (დაცვის ადგილი) ამჟამინდელი ადგილსამყოფელი შეძენის თარიღი ღირებულება, შესყიდვის ნორმალური ფასი სრული შენახვის შიფრი შტრიხკოდი ბოლო ოპერაციის თარიღი ეგზემპლარის მიმდევრობითი ნომერი (კეტერი?) ფასის ძალაში შესვლის თარიღი ეგზემპლარის სახეობა საჯარო შენიშვნა
          ბათუმის შოთა რუსთაველის სახელმწიფო უნივერსიტეტის მთავარი ბიბლიოთეკა ბათუმის შოთა რუსთაველის სახელმწიფო უნივერსიტეტის მთავარი ბიბლიოთეკა 2018-12-17 3.53 821.353.1(072)+372.882.135 52737 2018-12-17 52737 2018-12-17 წიგნი 3.53 ლ.